Statistics for Every 3k+ Town in Luxembourg

Click here to take the quiz!

General Stats

  • This quiz has been taken 30 times
  • The average score is 16 of 36

Answer Stats

PopulationTown% Correct
133.409Luxembourg
94%
36.897Esch-sur-Alzette
88%
21.971Dudelange
76%
9.121Bettembourg
71%
5.888Echternach
71%
5.742Wiltz
71%
7.301Diekirch
65%
8.242Ettelbruck
65%
5.092Mersch
65%
17.061Differdange
59%
5.139Grevenmacher
59%
4.036Remich
59%
4.271Mondorf-les-Bains
47%
9.881Pétange
47%
10.601Strassen
47%
5.958Bascharage
41%
7.770Mamer
41%
7.654Rodange
41%
5.716Rumelange
41%
11.401Schifflange
41%
5.784Howald
35%
5.845Kayl
35%
3.153Lamadelaine
35%
6.399Soleuvre
35%
3.396Wasserbillig
35%
8.673Bertrange
29%
3.625Junglinster
29%
3.925Mondercange
29%
7.567Niederkorn
29%
4.657Oberkorn
29%
3.689Sandweiler
29%
4.045Tétange
29%
4.686Bereldange
24%
3.410Bissen
18%
3.284Bridel
18%
8.248Belvaux
6%

Score Distribution

Percentile by Number Answered

Percent of People with Each Score

Your Score History

You have not taken this quiz